Catalog

Record Details

Catalog Search



Available copies

  • 2 of 2 copies available at LARL/NWRL Consortium.
  • 2 of 2 copies available at Northwest Regional Library. (Show preferred library)

Current holds

0 current holds with 2 total copies.

Show Only Available Copies
Location Call Number / Copy Notes Barcode Shelving Location Status Due Date
Hallock Public Library LIP (Text) 35500003460373 Main Available -
Roseau Public Library LIP (Text) 35500004155592 Main Available -

Record details

  • ISBN: 0060506695 (alk. paper)
  • Physical Description: xii, 354 p. ; 24 cm.
  • Edition: 1st ed.
  • Publisher: New York : William Morrow, 2004.
Subject: Monaghan, Tess (Fictitious character) > Fiction.
Women private investigators > Maryland > Baltimore > Fiction.
Jewish families > Fiction.
Missing persons > Fiction.
Runaway wives > Fiction.
Murderers > Fiction.
Maryland > Fiction.
Genre: Mystery fiction.
LDR 01248cam a22003378a 4500
00153048
003LARL_NWRL_CONSORTIUM
00520040204175144.0
008040128s2004 nyu 000 1 eng
020 . ‡a0060506695 (alk. paper)
03500. ‡ilcmarc/BCJ-5089/KRLTECH2
043 . ‡an-us-md
08200. ‡a813/.6 ‡222
1001 . ‡aLippman, Laura. ‡0(LARL_NWRL_CONSORTIUM)137850
24510. ‡aBy a spider's thread ‡n#8 / ‡cby Laura Lippman.
250 . ‡a1st ed.
260 . ‡aNew York : ‡bWilliam Morrow, ‡c2004.
300 . ‡axii, 354 p. ; ‡c24 cm.
4900 . ‡aTess Monaghan ; ‡v8
65000. ‡aMonaghan, Tess (Fictitious character) ‡vFiction.
650 0. ‡aWomen private investigators ‡zMaryland ‡zBaltimore ‡vFiction.
650 0. ‡aJewish families ‡vFiction. ‡0(LARL_NWRL_CONSORTIUM)165761
650 0. ‡aMissing persons ‡vFiction. ‡0(LARL_NWRL_CONSORTIUM)165976
650 0. ‡aRunaway wives ‡vFiction. ‡0(LARL_NWRL_CONSORTIUM)167105
650 0. ‡aMurderers ‡vFiction. ‡0(LARL_NWRL_CONSORTIUM)166013
651 0. ‡aMaryland ‡vFiction. ‡0(LARL_NWRL_CONSORTIUM)166115
655 7. ‡aMystery fiction. ‡2gsafd
901 . ‡a53048 ‡bISxN ‡c53048 ‡tbiblio

Additional Resources